000 00422nam a2200145 4500
005 20260224122518.0
008 260224b |||||||| |||| 00| 0 eng d
020 _a0702024783
100 _aWoolf Neville
245 _aCell, Tissue and Disease: The Basis of Pathology
_c/Neville Woolf
250 _a3rd ed
260 _aLondon;
_bHarcourt Publishers Limited;
_c2000
300 _aviii, 586p.ill;
_c21.5cm
942 _2lcc
_n0
_cBK
999 _c171
_d171